Installation Art (Record no. 1799)

MARC details
000 -LEADER
campo de control de longitud fija 00620nam a22001457a 4500
008 - DATOS DE LONGITUD FIJA--INFORMACIÓN GENERAL
campo de control de longitud fija 190601b xxu||||| |||| 00| 0 eng d
020 ## - NÚMERO INTERNACIONAL ESTÁNDAR DEL LIBRO
Número Internacional Estándar del Libro 1560987049
082 ## - NÚMERO DE LA CLASIFICACIÓN DECIMAL DEWEY
Número de clasificación 709.04
Número de ítem O438i
100 ## - ENTRADA PRINCIPAL--NOMBRE DE PERSONA
Nombre de persona Nicolas De Oliveira et all.
9 (RLIN) 7066
245 ## - MENCIÓN DEL TÍTULO
Título Installation Art
260 ## - PUBLICACIÓN, DISTRIBUCIÓN, ETC.
Lugar de publicación, distribución, etc. Estados Unidos de América
Nombre del editor, distribuidor, etc. Smithsonian Institution Press
Fecha de publicación, distribución, etc. 1996
300 ## - DESCRIPCIÓN FÍSICA
Extensión 208 p.
Otras características físicas ill (col).
Dimensiones 27,5 x 23 cm
505 ## - NOTA DE CONTENIDO CON FORMATO
Título Preface
-- Foreword
-- Towards Installation
-- THE PLATES: Site / MEdia / Museum / Architecture
-- Notes on the text
-- Chronology
-- Bibliography
-- List of illustrations
-- Index
650 ## - PUNTO DE ACCESO ADICIONAL DE MATERIA--TÉRMINO DE MATERIA
Fuente del encabezamiento o término Arte contemporáneo
Subdivisión de forma Arte - instalaciones
9 (RLIN) 7067
Holdings
Estatus retirado Estado de pérdida Fuente del sistema de clasificación o colocación Estado de daño No para préstamo Biblioteca de origen Biblioteca actual Ubicación en estantería Fecha de adquisición Total de préstamos Signatura topográfica completa Código de barras Visto por última vez Precio de reemplazo Tipo de ítem Koha
    Clasificación Decimal Dewey     Biblioteca LadoV Biblioteca LadoV   01/06/2019   709.04 O438i 001526 01/06/2019 01/06/2019 Material 01